20 joueurs de l’Olympique lyonnais (OL) par images - Statistiques

Statistiques générales
  • Ce quiz a été pris 306 fois
  • Le résultat moyen est 18 sur 20
Statistiques - réponses
Par images Réponse % Correct
Alexandre Lacazette
99%
Corentin Tolisso
98%
Karim Benzema
98%
Anthony Lopes
97%
Bradley Barcola
97%
Juninho
97%
Memphis Depay
97%
Nabil Fekir
96%
Hugo Lloris
95%
Lucas Paquetá
93%
Bafétimbi Gomis
92%
Samuel Umtiti
92%
Nemanja Matić
88%
Ferland Mendy
84%
Karl Toko-Ekambi
83%
Mariano Díaz
81%
Xherdan Shaqiri
78%
Yoann Gourcuff
78%
Sonny Anderson
76%
Dejan Lovren
74%
Aucun quiz correspondant
Distribution des résultats
% des personnes avec chaque résultat
Percentile par nombre de réponses
Votre historique - résultats
Vous n’avez pas pris ce quiz